<?xml version="1.0" encoding="UTF-8"?>
<record
    xmlns:xsi="http://www.w3.org/2001/XMLSchema-instance"
    xsi:schemaLocation="http://www.loc.gov/MARC21/slim http://www.loc.gov/standards/marcxml/schema/MARC21slim.xsd"
    xmlns="http://www.loc.gov/MARC21/slim">

  <leader>00971ntaaa2200289   4500</leader>
  <controlfield tag="003">01</controlfield>
  <controlfield tag="005">20251027203225.0</controlfield>
  <controlfield tag="008">0714s1973  ag    01 </controlfield>
  <datafield tag="020" ind1=" " ind2=" ">
    <subfield code="a">9789977958408</subfield>
  </datafield>
  <datafield tag="040" ind1=" " ind2=" ">
    <subfield code="a">AR-BaBN</subfield>
    <subfield code="b">spa</subfield>
    <subfield code="c">AR-BaBN</subfield>
    <subfield code="e">aacr</subfield>
    <subfield code="d">RIC</subfield>
  </datafield>
  <datafield tag="082" ind1=" " ind2=" ">
    <subfield code="a">220.63 W77d</subfield>
  </datafield>
  <datafield tag="100" ind1=" " ind2=" ">
    <subfield code="a">de Wit, Hans </subfield>
    <subfield code="9">34383</subfield>
  </datafield>
  <datafield tag="245" ind1=" " ind2=" ">
    <subfield code="a">En la dispersi&#xF3;n el texto es patria : </subfield>
    <subfield code="b">introducci&#xF3;n a la hermen&#xE9;utica cl&#xE0;sica, moderna y posmoderna / </subfield>
    <subfield code="c">Hans de Wit</subfield>
  </datafield>
  <datafield tag="250" ind1=" " ind2=" ">
    <subfield code="a">2a ed.</subfield>
  </datafield>
  <datafield tag="260" ind1=" " ind2=" ">
    <subfield code="a">San Jos&#xE9; : </subfield>
    <subfield code="b">Universidad B&#xED;blica Latinoamericana, </subfield>
    <subfield code="c">2011</subfield>
  </datafield>
  <datafield tag="300" ind1=" " ind2=" ">
    <subfield code="a">557 p.</subfield>
  </datafield>
  <datafield tag="500" ind1=" " ind2=" ">
    <subfield code="a">La primera edici&#xF3;n es del a&#xF1;o 2002, editada en Buenos Aires por ISEDET</subfield>
  </datafield>
  <datafield tag="650" ind1=" " ind2=" ">
    <subfield code="a">INTERPRETACION</subfield>
    <subfield code="9">5520</subfield>
  </datafield>
  <datafield tag="650" ind1=" " ind2=" ">
    <subfield code="a">HISTORIA</subfield>
    <subfield code="9">175</subfield>
  </datafield>
  <datafield tag="650" ind1=" " ind2=" ">
    <subfield code="a">LINGUISTICA</subfield>
    <subfield code="9">11772</subfield>
  </datafield>
  <datafield tag="650" ind1=" " ind2=" ">
    <subfield code="a">INTERPRETACION SOCIOLOGICA</subfield>
    <subfield code="9">34384</subfield>
  </datafield>
  <datafield tag="650" ind1=" " ind2=" ">
    <subfield code="a">IDEOLOGIA</subfield>
    <subfield code="9">6939</subfield>
  </datafield>
  <datafield tag="650" ind1=" " ind2=" ">
    <subfield code="a">DECONSTRUCTIVISMO</subfield>
    <subfield code="9">34385</subfield>
  </datafield>
  <datafield tag="650" ind1=" " ind2=" ">
    <subfield code="a">NUEVA CRITICA RETORICA</subfield>
    <subfield code="9">34386</subfield>
  </datafield>
  <datafield tag="650" ind1=" " ind2=" ">
    <subfield code="a">CRITICA DE LA RESPUESTA DEL LECTOR</subfield>
    <subfield code="9">34387</subfield>
  </datafield>
  <datafield tag="942" ind1=" " ind2=" ">
    <subfield code="c">BK</subfield>
  </datafield>
  <datafield tag="999" ind1=" " ind2=" ">
    <subfield code="c">27697</subfield>
    <subfield code="d">27697</subfield>
  </datafield>
  <datafield tag="952" ind1=" " ind2=" ">
    <subfield code="0">0</subfield>
    <subfield code="1">0</subfield>
    <subfield code="4">0</subfield>
    <subfield code="7">0</subfield>
    <subfield code="a">BP</subfield>
    <subfield code="b">BP</subfield>
    <subfield code="d">2025-10-27</subfield>
    <subfield code="i">044015</subfield>
    <subfield code="l">0</subfield>
    <subfield code="o">220.63 W77d</subfield>
    <subfield code="p">044015</subfield>
    <subfield code="r">2025-10-27 20:32:25</subfield>
    <subfield code="w">2025-10-27</subfield>
    <subfield code="y">RESERVADO</subfield>
  </datafield>
  <datafield tag="952" ind1=" " ind2=" ">
    <subfield code="0">0</subfield>
    <subfield code="1">0</subfield>
    <subfield code="4">0</subfield>
    <subfield code="7">0</subfield>
    <subfield code="a">BP</subfield>
    <subfield code="b">BP</subfield>
    <subfield code="d">2025-10-27</subfield>
    <subfield code="i">044016</subfield>
    <subfield code="l">0</subfield>
    <subfield code="o">220.63 W77d</subfield>
    <subfield code="p">044016</subfield>
    <subfield code="r">2025-10-27 20:32:25</subfield>
    <subfield code="w">2025-10-27</subfield>
    <subfield code="y">RESERVADO</subfield>
  </datafield>
</record>
